Recurs al passat i modalitats historiogràfiques a Barcelona /

ISBN: 9788498505535
Publicat: Barcelona : Arxiu Històric de la Ciutat , 2014
Descripció física: 273 pàgines : il·lustracions ; 24 cm
Altres autors: Grau, Ramon, 1947-
Idioma: Català

MARC

LEADER 00000nam a2200000 a 4500
001 25817
005 20260324181120.0
008 140718s2014 spcabdo 100 0 cat c
017 |a DL B 21488-1995 
020 |a 9788498505535 
080 |a Bib-623 
245 0 0 |a Recurs al passat i modalitats historiogràfiques a Barcelona /  |c coordinador: Ramon Grau i Fernández 
260 |a Barcelona :  |b Arxiu Històric de la Ciutat,  |c 2014 
300 |a 273 pàgines :  |b il·lustracions ;  |c 24 cm 
490 |a Barcelona quaderns d'història ;  |v 20 
500 |a A la portada: Seminari d'Història de Barcelona 
504 |a Referències bibliogràfiques 
505 8 |a Algunes modalitats historiogràfiques barcelonines / Ramon Grau i Fernández ; Literatura històrica i retòrica municipal a la Barcelona baix-medieval / Pol Serrahima i Balius ; La inscripció llatina renaixentista de la façana gòtica de la Casa de la Ciutat / Xavier Espluga ; La ciutat dels sants: Barcelona i la historiografia de la Contrareforma / Xavier Torres Sans ; La memòria del Consell de Cent i la reivindicació moderna de l'autogovern de Barcelona / Ferran Armengol Ferrer; La imatge històrica de Barcelona en l'obra literària d'Antoni de Bofarull / Magí Sunyer ; Les guies de Barcelona al segle XIX: la construcció d'una historiografia particular / Carmen Rodríguez Pedret ; Investigadors i divulgadors. El barcelonisme, història i anècdota durant el primer franquisme / Jaume Fabre ; Agustí Duran i Sanpere (1887-1975): història urbana / Eulàlia Duran 
650 0 |a Historiografia  |z Catalunya  |9 53306 
651 0 |a Barcelona (Catalunya)  |x Historiografia  |9 53307 
700 |a Grau, Ramon,  |d 1947-  |9 50290  |e coordinador 
710 2 |a Arxiu Històric de la Ciutat (Barcelona, Catalunya)  |9 52811 
830 0 |a Barcelona quaderns d'història ;  |v 20 
907 |a .b60124076  |b 24-02-21  |c 18-07-14  |d 18-07-14  |e m  |f a  |g -  |h cat  |i spc  |j 0  |k 1 
940 |a AHCB 
942 |2 udc  |c ARXIU  |n 1 
949 |a 1000159804  |b Sp 51-2-30  |c 1  |d 0  |f 23.07.14  |k 1000 
952 |0 0  |1 0  |4 0  |6 BIB623  |7 1  |9 62274  |a Arxiu  |b Arxiu  |d 2022-06-08  |l 0  |o Bib-623  |p 25817  |r 2022-06-08 00:00:00  |w 2022-06-08  |y ARXIU 
999 |c 81939  |d 81939